|
|
|
|
| LEADER |
01366cam a2200373 a 4500 |
| 001 |
c000396484 |
| 003 |
CARM |
| 005 |
20140307135602.0 |
| 008 |
140307s2001 si a b 001 0 eng d |
| 010 |
|
|
|a 2001280508
|
| 015 |
|
|
|a 2002M01934
|
| 019 |
1 |
|
|a 69841429
|5 LACONCORD2021
|
| 020 |
|
|
|a 9810243081 (hbk.)
|
| 035 |
|
|
|a (OCoLC)48550902
|5 LACONCORD2021
|
| 040 |
|
|
|a NLB
|b eng
|c NLB
|d NLB
|d NLB
|
| 042 |
|
|
|a pcc
|
| 043 |
|
|
|a a------
|
| 050 |
0 |
0 |
|a QR41.2
|b .M457 2001
|
| 082 |
0 |
4 |
|a 579.095
|2 21
|
| 245 |
0 |
0 |
|a Microbial diversity in Asia :
|b technology and prospects, Singapore, 22-24 February 1999 /
|c edited by Been Hen Nga, Hai Meng Tan, Ken-ichiro Suzuki.
|
| 260 |
|
|
|a Singapore :
|b World Scientific,
|c c2001.
|
| 300 |
|
|
|a 252 p. :
|b ill. ;
|c 22 cm.
|
| 504 |
|
|
|a Includes bibliographical references and index.
|
| 650 |
|
0 |
|a Microorganisms
|z Asia.
|
| 650 |
|
0 |
|a Microbiology
|z Asia.
|
| 650 |
|
0 |
|a Microbial biotechnology
|z Asia.
|
| 700 |
1 |
|
|a Nga, Been Hen.
|
| 700 |
1 |
|
|a Tan, Hai-Meng,
|d 1960-
|
| 700 |
1 |
|
|a Suzuki, Ken'ichirō.
|
| 852 |
8 |
|
|b CARM
|p 0601269
|f BK
|
| 852 |
8 |
|
|b SCAN
|h A3:AE35B0
|i B12262
|p 0601269
|f BK
|
| 999 |
f |
f |
|i 5798d966-02a7-5a75-8725-e8a0db9efa44
|s 7fd3cf77-77c6-5683-89c8-4417e22a9b38
|
| 952 |
f |
f |
|p Can circulate
|a CAVAL
|b CAVAL
|c CAVAL
|d CARM 1 Store
|i book
|m 0601269
|
| 952 |
f |
f |
|a CAVAL
|b CAVAL
|c CAVAL
|d Unmapped Location
|e B12262
|f A3:AE35B0
|h Other scheme
|